| 000 | 00899cam a2200277 a 4500 | ||
|---|---|---|---|
| 999 |
_c9037 _d9037 |
||
| 001 | 9037 | ||
| 003 | BD - JhCC | ||
| 005 | 20180314180508.0 | ||
| 008 | 750729s1973 nyu b 000 0 eng d | ||
| 020 | _a0385081901 | ||
| 035 | _a(BD - JhCC)9037 | ||
| 040 |
_cMoSW _dMdBJ _dCStRLIN _dBD - JhCC _aBD-JhCC |
||
| 041 | _aeng | ||
| 082 |
_bBUR 1973 _a944.04 |
||
| 090 |
_aDC150 _b.B8 1973 |
||
| 100 | 1 |
_aBurke, Edmund, _d1729-1797. |
|
| 245 | 1 | 0 |
_aReflections on the revolution in France : _bThe rights of man / _c[by] Edmund Burke; Thomas Paine. |
| 260 |
_aGarden City, N.Y. : _bAnchor Press/Doubleday, _c[1973] |
||
| 300 |
_a515 p. ; _c18 cm. |
||
| 651 | 0 |
_aFrance _xHistory _yRevolution, 1789-1799 _xCauses. |
|
| 651 | 0 |
_aGreat Britain _xPolitics and government _y1760-1820. |
|
| 700 | 1 |
_aPaine, Thomas, _d1737-1809. _tRights of man. |
|
| 740 | 0 | 2 | _aRights of man. |
| 942 |
_2ddc _cBK |
||